| 000 | 00712nam a2200217 a 4500 | ||
|---|---|---|---|
| 005 | 20140310183524.0 | ||
| 008 | 110928s19uu xx 00 eng d | ||
| 020 | _a9781855393905 | ||
| 050 |
_aLB 1025.3 _b.Sh528 2008 |
||
| 100 | _aShearer, Branton | ||
| 245 |
_aCreating extra-ordinary teachers : _bMultiple intelligences in the classroom and beyond / _cBranton Shearer and Mike Fleetham. |
||
| 260 |
_aNew York : _bContinuum International Publishing, _c2008. |
||
| 300 |
_a130 p. : _bill . : _c25 cm. |
||
| 521 | _aEDU | ||
| 650 | _aTeacher effectiveness | ||
| 650 | _aEducational leadership | ||
| 650 | _aMultiple intelligences | ||
| 700 | _aFleetham, Mike | ||
| 942 |
_cBK _2lcc _kFOR |
||
| 999 |
_c24469 _d24469 |
||